|
|
|
|
| LEADER |
01157nam a22002892a 4500 |
| 001 |
000798313 |
| 003 |
CZ BrMZK |
| 005 |
20141107135544.0 |
| 007 |
ta |
| 008 |
051122s1959 xr a er 000 0 cze d |
| 015 |
|
|
|a cnb000515001
|
| 040 |
|
|
|a ABA001
|b cze
|c ULG001
|d ABA001
|
| 041 |
1 |
|
|a cze
|h ger
|
| 100 |
1 |
|
|a Storm, Theodor,
|d 1817-1888
|7 jn19990008293
|4 aut
|
| 245 |
1 |
0 |
|a Pavel loutkář /
|c Theodor Storm ; ilustroval Jan Černý
|
| 250 |
|
|
|a 1. vyd.
|
| 260 |
|
|
|a Praha :
|b Státní nakladatelství dětské knihy,
|c 1959
|
| 300 |
|
|
|a 101 s. :
|b il.
|
| 490 |
1 |
|
|a Světová knihovnička ;
|v sv. 15
|
| 500 |
|
|
|a Přeloženo z němčiny
|
| 765 |
0 |
|
|t Pole Poppenspäler
|9 Česky
|
| 830 |
|
0 |
|a Světová knihovnička (Státní nakladatelství dětské knihy)
|0 s
|
| 856 |
4 |
1 |
|u http://www.digitalniknihovna.cz/mzk/uuid/uuid:afc527a0-1c5c-11e4-8e0d-005056827e51
|y Digitalizovaný dokument
|x NDK
|
| 910 |
|
|
|a BOA001
|b 2-0418.478
|b PK-0021.610
|
| 990 |
|
|
|a BK
|
| 996 |
6 |
|
|b 2619123497
|c 2-0418.478
|l MZK
|r Sklad / do 24 hodin
|n 0
|w 000798313
|u 000020
|a 1
|e BOA001
|j MZK50
|s P
|
| 996 |
7 |
|
|b 3119657818
|c PK-0021.610
|l MZK
|r Sklad / do 1 hodiny
|n 6
|w 000798313
|u 000010
|a 1
|e BOA001
|j MZK50
|s A
|